| 000 | 00613nam a2200217Ia 4500 | ||
|---|---|---|---|
| 003 | OSt | ||
| 005 | 20230518115228.0 | ||
| 008 | 210423s2012 xx 000 0 und d | ||
| 020 | _a978-0-143-41402-5 | ||
| 040 | _cAL | ||
| 041 | _aeng | ||
| 082 |
_a620.46 MUNR _223 |
||
| 100 |
_aMUNSHI (Shoma). _9108218 |
||
| 245 | _aRemote control: Indian television in the new millennium. | ||
| 260 |
_aNew Delhi _bPenguin Books Ltd _c2012 |
||
| 300 |
_axix,353 _bPB |
||
| 365 |
_b499 _cINR |
||
| 650 |
_aEngineering _9108219 |
||
| 906 | _acontrol: ; Indian ; millennium. ; new ; Remote ; television | ||
| 942 |
_2ddc _cBK |
||
| 999 |
_c165081 _d165081 |
||